Linear Integrated Circuits: Analysis, Design & Applications / (Record no. 2153)
[ view plain ]
| 000 -LEADER | |
|---|---|
| Fixed length control field | 00462nam a2200157 4500 |
| 003 - CONTROL NUMBER IDENTIFIER | |
| Control field | SEACOMEC |
| 005 - DATE AND TIME OF LATEST TRANSACTION | |
| Control field | 20250404133825.0 |
| 008 - FIXED-LENGTH DATA ELEMENTS--GENERAL INFORMATION | |
| Fixed length control field | 250404b |||||||| |||| 00| 0 eng d |
| 020 ## - INTERNATIONAL STANDARD BOOK NUMBER / ISBN | |
| International Standard Book Number | 9788126518968 |
| Price | 299.00 |
| 040 ## - CATALOGING SOURCE | |
| Original cataloging agency | SEACOMEC |
| 082 ## - DEWEY DECIMAL CLASSIFICATION NUMBER | |
| Classification number | 621.3815 |
| Book Number | N158 |
| 100 ## - MAIN ENTRY--PERSONAL NAME | |
| Personal name | Nair , B. Somanathan |
| 245 ## - TITLE STATEMENT | |
| Title | Linear Integrated Circuits: Analysis, Design & Applications / |
| Statement of responsibility | B. Somanathan Nair |
| 260 ## - IMPRINT | |
| Place of publication | New Delhi : |
| Name of publisher | John Wiley & Sons, |
| Date of publication | 2009 |
| 942 ## - ADDED ENTRY ELEMENTS (KOHA) | |
| Koha item type | Books |
| Withdrawn status | Lost status | Source of classification | Damaged status | Not for loan | Home library | Current library | Date acquired | Total Checkouts | Call number | Accession number | Date last seen | Copy number | Price effective from | Koha item type |
|---|---|---|---|---|---|---|---|---|---|---|---|---|---|---|
| Dewey Decimal Classification | SEACOM ENGINEERING COLLEGE | SEACOM ENGINEERING COLLEGE | 10/10/2009 | 621.3815 N158 | 15350 | 04/04/2025 | 1 | 04/04/2025 | Books | |||||
| Dewey Decimal Classification | SEACOM ENGINEERING COLLEGE | SEACOM ENGINEERING COLLEGE | 10/10/2009 | 621.3815 N158 | 15351 | 04/04/2025 | 2 | 04/04/2025 | Books | |||||
| Dewey Decimal Classification | SEACOM ENGINEERING COLLEGE | SEACOM ENGINEERING COLLEGE | 10/10/2009 | 621.3815 N158 | 15352 | 04/04/2025 | 3 | 04/04/2025 | Books | |||||
| Dewey Decimal Classification | SEACOM ENGINEERING COLLEGE | SEACOM ENGINEERING COLLEGE | 10/10/2009 | 621.3815 N158 | 15353 | 04/04/2025 | 4 | 04/04/2025 | Books |
